00353pab a2200109 454500008003600000100001800036245007200054650002700126650002500153650001400178773005100192180718b xxu||||| |||| 00| 0 eng d aSkok, James E aStrategic budgeting: reviewing the literature of an emerging theory a Public Administration a Strategic Budgeting aBudgeting aInternational Journal of Public Administration